000 01568cab a2200433 4500
001 ABS46617
008 090401t1992 xxu||||| |||| 00| 0 eng d
035 _a(Sirsi) u58883
041 _aeng
245 _aFocus: leisure
260 _c1992
350 _a0
490 _aEstates Gazette
_v(9220) 23 May 1992, 45-78(19)
520 _aA review of the state of the leisure property market with articles on trends in the development of golf courses, marinas, hotels, football stadia and fast food outlets. The effects on pubs of the Mergers and Monopolies Commission`s brewing industry report are summarised and three themes relevant to the whole sector are discussed: leisure`s contribution to urban regeneration, the trend to out-of-town retail sites and the difficulties of valuation.
650 _aALBERT DOCK
650 _aBREWING INDUSTRY
650 _aBUDGET HOTELS
650 _aDRIVE-THRU
650 _aEURODISNEY
650 _aFAST FOOD RESTAURANTS
650 _aFOOTBALL STADIUMS
650 _aGOLF COURSE DEVELOPMENT
650 _aGOLF COURSES
650 _aLEISURE DEVELOPMENT
650 _aLEISURE MARKET
650 _aLEISURE PARKS
650 _aLEISURE PROPERTY
650 _aLEISURE TIME
650 _aLEISURE-LED REGENERATION
650 _aMARINAS
650 _aOUT-OF-TOWN
650 _aPUBLIC HOUSES
650 _aSPORTS STADIUMS
650 _aValuation
_96273
690 _aPROPERTY-COMMERCIAL PROPERTY-COMMERCIAL PROPERTY MARKET
690 _aLEISURE AND RECREATION
942 _n0
948 _c04/03/1997
999 _c36013
_d36013